000 02819cam a22004334i 4500
003 PE-LiUPU
005 20250731183410.0
008 171227s2017 gaua rb 001 0 eng d
020 _a9781628371727
035 _a(Sirsi) a240742
040 _aPE-LiUPU
_bspa
_cPE-LiUPU
_erda
049 _aPRUA
082 0 4 _a755.4
_bT46
_223
245 0 4 _aThe art of visual exegesis :
_brhetoric, texts, images /
_cVernon K. Robbins, Walter S. Melion, and Roy R. Jeal.
264 1 _aAtlanta :
_bSBL Press ;
_c2017
300 _a511 páginas :
_bilustraciones ;
_c23 centímetros
336 _atext
_2rdacontent
337 _aunmediated
_2rdamedia
338 _avolume
_2rdacarrier
504 _aBibliografía : páginas 441-483.
504 _aÍndice : páginas 497-511.
505 0 _aMethodology for visual exegesis and rhetrography. New Testament texts, visual naterial culture, and earliest christian art ; Visual interpretationL blending rhetorical arts in Colossians 2:6-3:4 ; Methodology underlying the presentation of visual texture in the Gospel of John ; Eyes wide open, seeing nothing: the challenge of the Gospel of John's nonvisualizable texture for readings using visual texture -- visual exegesis using Roman visual material culture. Paul, imperial situation, and visualization in the Epistle to the Colossians ; The Galatian suicide and the transbinary semiotics of Christ curcified (Galatians 3:1): exercises in visual exegesis and critical reimagination ; Armor, peace, and gladiators: a visual exegesis of Ephesians 6:10-17 -- visual exegesis using Christian art. Graphic exegesis: reflections on the difficulty of talking about biblical images, pictures, and texts ; The gifts of epiphany: Geertgen tot Sint Jans and the adoration of the magi ; "Exactitude and fidelity"? Paintings of Christ healing the blind by Nicolas Poussin and Philippe de Champaigne ; Topos versus Topia: Herri me de Bles's visual exegesis of the parable of the Good Samaritan ; Signa resurrectionis: vision, image, and pictorial proof in Pieter Bruegel's resurrection of Circa 1562-1563.
526 _aP158
526 _aP146
526 _aP17
526 _aP12
526 _aP06
630 0 4 _aBiblia.
_xIlustraciones.
630 0 4 _aBiblia.
_pN.T.
_xCrítica, interpretación, etc.
_xHistoria.
650 0 4 _aArte cristiano y simbolismo.
700 1 _aMelion, Walter S.,
_eeditor.
700 1 _aJeal, Roy R.,
_eeditor.
700 1 _aMelion, Walter S.,
_eeditor.
910 _adbm
_bksl
_cksl
_d20171227
596 _a1
942 _2ddc
_cBOOK
999 _a755.4 T46
_wLC
_c26426
_i77751
_d26426
_e2019-8-12
_f2021-11-11
_g4
_lCCODEBUL1
_mBUL
_n1
_p42.50
_r0
_sY
_tBOOK
_u2017-12-27
_xTEOLOGIA
_PP85
_0COMPRA
_o.STAFF. Colección Teología
980 _81
_gALBERTO SANCHEZ Responsable de Automatización